[Event "Cochabamba GP op 4th"]
[Site "Cochabamba"]
[Date "2023.09.08"]
[Round "3"]
[White "Monroy G, Javier A"]
[Black "Morales Estrada, Jhoel Henry"]
[Result "1/2-1/2"]
[WhiteElo "1970"]
[BlackElo "1606"]
[PlyCount "128"]
[EventDate "2023.09.07"]
[EventType "swiss"]
[EventRounds "7"]
[EventCountry "BOL"]
[SourceTitle "EXT 2024"]
[Source "ChessBase"]
[SourceDate "2023.10.10"]
[SourceVersion "1"]
[SourceVersionDate "2023.10.10"]
[SourceQuality "1"]

1. d4 Nf6 2. Nf3 g6 3. g3 b6 4. Bg2 Bb7 5. 0-0 Bg7 6. c4 d5 7. Ne5 0-0 8. Nc3 c6 9. cxd5 Nxd5 10. Qb3 e6 11. e4 Nxc3 12. bxc3 Nd7 13. Ba3 Re8 14. Nc4 Ba6 15. Rfd1 Bxc4 16. Qxc4 Rc8 17. Qa6 Qc7 18. Rac1 b5 19. Bb4 Bf8 20. d5 Nb8 21. Qa3 c5 22. Ba5 Qd7 23. c4 b4 24. Qb3 Bh6 25. Rc2 e5 26. a3 Na6 27. axb4 Nxb4 28. Rb2 Bf8 29. Ra1 Ra8 30. Qe3 Rec8 31. h4 Bd6 32. Kh2 Qe7 33. Bh3 Rcb8 34. Rc1 Na6 35. Rcb1 Rxb2 36. Rxb2 Rb8 37. Rxb8+ Bxb8 38. Qb3 Nb4 39. Qa4 Bd6 40. Kg2 Kf8 41. f3 Qb7 42. Kf1 Qa6 43. Qb5 Qxb5 44. cxb5 Nc2 45. b6 axb6 46. Bxb6 Ke7 47. Ke2 Nd4+ 48. Ke3 h6 49. f4 f6 50. fxe5 fxe5 51. Kd3 Nf3 52. Bg4 Nd4 53. Kc4 Nc2 54. Bxc5 Na3+ 55. Kb4 Nc2+ 56. Kb5 Nd4+ 57. Kc4 g5 58. hxg5 hxg5 59. Bxd4 exd4 60. Kxd4 Kf6 61. Bf5 Bxg3 62. Kc5 Ke7 63. Kc6 Bd6 64. Bg4 Bf4 1/2-1/2

[Event "Cochabamba Hurtado Memorial"]
[Site "Cochabamba"]
[Date "2023.08.06"]
[Round "5"]
[White "Vargas Sanchez, Dashely"]
[Black "Morales Estrada, Jhoel Henry"]
[Result "0-1"]
[WhiteElo "1219"]
[BlackElo "1570"]
[PlyCount "80"]
[EventDate "2023.08.04"]
[EventType "swiss"]
[EventRounds "7"]
[EventCountry "BOL"]
[SourceTitle "CBM 215 Extra"]
[Source "ChessBase"]
[SourceDate "2023.09.30"]
[SourceVersion "1"]
[SourceVersionDate "2023.09.30"]
[SourceQuality "1"]

1. e4 c5 2. Nf3 e6 3. c3 Nc6 4. Bb5 Qb6 5. Ba4 g6 6. 0-0 Bg7 7. d3 Nge7 8. Bc2 0-0 9. Re1 e5 10. b3 d5 11. Bb2 d4 12. cxd4 cxd4 13. Nbd2 f5 14. Nc4 Qc7 15. exf5 gxf5 16. a4 Ng6 17. Ba3 Rd8 18. b4 Be6 19. Bb3 Bd5 20. Rc1 e4 21. dxe4 fxe4 22. Ng5 Qf4 23. Nxe4 Kh8 24. Ncd6 Rxd6 25. b5 Bxe4 26. Bxd6 Qxd6 27. Rxe4 Nce7 28. Re6 Qf4 29. g3 Qf5 30. Rc7 Nd5 31. Bxd5 Qxd5 32. Qe2 Qd8 33. Rc1 Bh6 34. f4 Qd7 35. Rd1 Bg7 36. f5 Nf8 37. Re7 Qxf5 38. Rxb7 d3 39. Qd2 Bd4+ 40. Kh1 Qf3+ 0-1

[Event "Cochabamba op 6th"]
[Site "Cochabamba"]
[Date "2023.03.05"]
[Round "7"]
[White "Ferrufino, Boris"]
[Black "Morales Estrada, Jhoel Henry"]
[Result "1-0"]
[WhiteElo "1902"]
[BlackElo "1501"]
[PlyCount "87"]
[EventDate "2023.03.02"]
[EventType "swiss"]
[EventRounds "7"]
[EventCountry "BOL"]
[SourceTitle "CBM 213 Extra"]
[Source "ChessBase"]
[SourceDate "2023.05.31"]
[SourceVersion "1"]
[SourceVersionDate "2023.05.31"]
[SourceQuality "1"]

1. d4 Nf6 2. Nf3 g6 3. c4 d5 4. Bg5 Bg7 5. Nc3 Ne4 6. Bh4 Nxc3 7. bxc3 dxc4 8. Qa4+ c6 9. Qxc4 Qd5 10. e3 Nd7 11. Qb3 Qxb3 12. axb3 c5 13. Bb5 a6 14. 0-0 h6 15. Rfc1 cxd4 16. cxd4 g5 17. Bg3 0-0 18. Rxc8 Raxc8 19. Bxd7 Rc3 20. Nd2 e6 21. b4 Rc2 22. Rd1 Rb2 23. Bc7 Ra8 24. Ba5 Bf6 25. Nc4 Rc2 26. Nb6 Rf8 27. Ba4 Rb2 28. Nd7 Rc8 29. Nxf6+ Kh8 30. Ne4 b5 31. Bxb5 axb5 32. Nc5 Kg7 33. e4 Rc6 34. d5 exd5 35. exd5 Rd6 36. g3 Re2 37. Bc7 Rf6 38. Nd3 Rf5 39. d6 Rd5 40. Kf1 Re4 41. Nb2 Red4 42. Rxd4 Rxd4 43. Ke2 f5 44. Nd3 1-0